[Event "Reykjavik op"]
[Site "Reykjavik"]
[Date "2017.04.21"]
[Round "4"]
[White "Plotkin, Victor"]
[Black "Perelshteyn, Eugene"]
[Result "0-1"]
[WhiteElo "2243"]
[BlackElo "2509"]
[PlyCount "92"]
[EventDate "2017.04.19"]
[EventType "swiss"]
[EventRounds "10"]
[EventCountry "ISL"]
[SourceTitle "CBM 178 Extra"]
[Source "ChessBase"]
[SourceDate "2017.06.22"]
[SourceVersion "1"]
[SourceVersionDate "2017.06.22"]
[SourceQuality "1"]

1. e4 c5 2. c3 g6 3. d4 cxd4 4. cxd4 d5 5. exd5 Nf6 6. Bb5+ Nbd7 7. Nc3 Bg7 8. Nf3 0-0 9. d6 exd6 10. 0-0 Nb6 11. Re1 Be6 12. Bg5 h6 13. Bd2 a6 14. Bd3 Qd7 15. b3 Rac8 16. Rc1 Nbd5 17. Nxd5 Nxd5 18. Be4 Rxc1 19. Qxc1 Rc8 20. Qb2 Nf6 21. Bd3 Bd5 22. Rc1 Re8 23. Re1 Ne4 24. Be3 b5 25. Rd1 Qb7 26. Bf1 b4 27. Rc1 Nc3 28. Nd2 Qb6 29. Rxc3 bxc3 30. Qxc3 a5 31. a4 Qb4 32. Qxb4 axb4 33. Nc4 Bxc4 34. Bxc4 d5 35. Bf1 Rc8 36. Bd2 Bxd4 37. Bxb4 Rc2 38. Be1 Bc3 39. Bxc3 Rxc3 40. b4 Rb3 41. g3 Rxb4 42. a5 Ra4 43. a6 Kg7 44. Bb5 Ra5 45. Bc6 d4 46. Bb7 d3 0-1

[Event "PRO League Pacific"]
[Site "Chess.com INT"]
[Date "2017.01.18"]
[Round "2"]
[White "Perelshteyn, Eugene"]
[Black "Tang, Andrew"]
[Result "0-1"]
[WhiteElo "2508"]
[BlackElo "2466"]
[PlyCount "136"]
[EventDate "2017.01.11"]
[EventType "team-swiss (rapid)"]
[EventRounds "7"]
[EventCountry "USA"]
[SourceTitle "CBM 176 Extra"]
[Source "ChessBase"]
[SourceDate "2017.03.02"]
[SourceVersion "1"]
[SourceVersionDate "2017.03.02"]
[SourceQuality "1"]
[WhiteTeam "Pittsburgh Pawngrabbers"]
[BlackTeam "Minnesota Blizzard"]
[WhiteTeamCountry "USA"]
[BlackTeamCountry "UAE"]

1. e4 e5 2. Nf3 Nc6 3. Nc3 Nf6 4. d4 exd4 5. Nxd4 Bb4 6. Nxc6 bxc6 7. Bd3 d5 8. exd5 cxd5 9. 0-0 0-0 10. h3 c6 11. Qf3 h6 12. Bf4 Bd6 13. b3 Be6 14. Ne2 Qc7 15. Rad1 Bxf4 16. Nxf4 Rfe8 17. Rfe1 Bd7 18. c3 Qa5 19. Bb1 Qc5 20. Qd3 Rxe1+ 21. Rxe1 Re8 22. Rxe8+ Bxe8 23. b4 Qe7 24. Qe2 Kf8 25. Bd3 Nd7 26. Ba6 Nb6 27. Qc2 Qe5 28. Nd3 Qe4 29. f3 Qf5 30. Qd1 Qf6 31. Qe1 g6 32. Qe5 Qxe5 33. Nxe5 Ke7 34. Kf2 Na4 35. c4 Nc3 36. a3 Nb1 37. a4 Nc3 38. a5 f6 39. Nd3 g5 40. Ke3 Kd6 41. c5+ Kc7 42. f4 Bg6 43. fxg5 hxg5 44. g3 Ne4 45. Kf3 Bh5+ 46. Kg2 Nd2 47. h4 Ne4 48. Nf2 Nc3 49. g4 Bg6 50. h5 Bh7 51. Bd3 Ne4 52. Nxe4 dxe4 53. Bc2 Kd7 54. Kf2 Ke6 55. Ke3 Ke5 56. Bb1 f5 57. gxf5 Bxf5 58. h6 g4 59. Ba2 g3 60. Bg8 Kf6 61. h7 Kg7 62. b5 cxb5 63. c6 b4 64. c7 Bc8 65. Bd5 Kxh7 66. Bxe4+ Kg7 67. Kf3 Kf6 68. Kxg3 Ke5 0-1

[Event "Dallas UT Fall op"]
[Site "Dallas"]
[Date "2016.11.20"]
[Round "5"]
[White "Popilski, Gil"]
[Black "Perelshteyn, Eugene"]
[Result "1/2-1/2"]
[WhiteElo "2562"]
[BlackElo "2505"]
[PlyCount "61"]
[EventDate "2016.11.18"]
[EventType "swiss"]
[EventRounds "9"]
[EventCountry "USA"]
[SourceTitle "CBM 175 Extra"]
[Source "ChessBase"]
[SourceDate "2016.12.12"]
[SourceVersion "1"]
[SourceVersionDate "2016.12.12"]
[SourceQuality "1"]

1. e4 c5 2. Nf3 g6 3. d4 cxd4 4. Qxd4 Nf6 5. Nc3 Nc6 6. Qa4 d6 7. e5 dxe5 8. Nxe5 Bd7 9. Nxd7 Nxd7 10. Bd2 Bg7 11. 0-0-0 0-0 12. Bb5 Nb6 13. Qe4 Qc7 14. Rhe1 e5 15. Bxc6 bxc6 16. g4 Rad8 17. Be3 f5 18. gxf5 gxf5 19. Qg2 Kh8 20. Bc5 Rfe8 21. Rxd8 Rxd8 22. Qg5 Nd5 23. Rd1 Rg8 24. Qxf5 Nxc3 25. bxc3 Qa5 26. Be3 Qxc3 27. Rd7 Qe1+ 28. Rd1 Qc3 29. Rd7 Qe1+ 30. Rd1 Qc3 31. Rd7 1/2-1/2

[Event "Chicago op 25th"]
[Site "Chicago"]
[Date "2016.05.27"]
[Round "2"]
[White "Ludwig, John Gabriel"]
[Black "Perelshteyn, Eugene"]
[Result "0-1"]
[WhiteElo "2348"]
[BlackElo "2525"]
[PlyCount "106"]
[EventDate "2016.05.26"]
[EventType "swiss"]
[EventRounds "9"]
[EventCountry "USA"]
[SourceTitle "CBM 172 Extra"]
[Source "ChessBase"]
[SourceDate "2016.06.21"]
[SourceVersion "1"]
[SourceVersionDate "2016.06.21"]
[SourceQuality "1"]

1. e4 c5 2. Nf3 d6 3. d4 cxd4 4. Nxd4 Nf6 5. Nc3 Nc6 6. f3 e5 7. Nb3 Be7 8. Be3 0-0 9. Qd2 Be6 10. Nd5 Bxd5 11. exd5 Nb8 12. c4 a5 13. Rc1 Nbd7 14. Be2 a4 15. Na1 Nc5 16. Nc2 Nfd7 17. 0-0 f5 18. Kh1 f4 19. Bg1 Rf6 20. Ne1 Qc8 21. Nd3 Bd8 22. Nxc5 Nxc5 23. Qc2 Bb6 24. b4 axb3 25. axb3 Ba5 26. Ra1 Bb4 27. Bf2 b6 28. Ra2 Rf7 29. Rfa1 Ra5 30. Bd3 g6 31. h4 Kg7 32. h5 Nxd3 33. Qxd3 Rf5 34. hxg6 hxg6 35. Kg1 Rh5 36. Rxa5 bxa5 37. Rd1 Bc5 38. Qc2 Kf6 39. Qd2 Bb4 40. Qc2 Rh7 41. Rc1 Bc5 42. Qd2 g5 43. Qxa5 Qh8 44. Bxc5 Rh1+ 45. Kf2 Rxc1 46. Bxd6 Kf5 47. Qd2 Qh1 48. Qd3+ Kf6 49. Bxe5+ Kxe5 50. Qe4+ Kd6 51. c5+ Kxc5 52. b4+ Kb5 53. Qe8+ Kc4 0-1

[Event "Manchester 03"]
[Site "Manchester"]
[Date "2016.03.07"]
[Round "10"]
[White "Preotu, Razvan"]
[Black "Perelshteyn, Eugene"]
[Result "1-0"]
[WhiteElo "2468"]
[BlackElo "2524"]
[PlyCount "179"]
[EventDate "2016.03.02"]
[EventType "tourn"]
[EventRounds "10"]
[EventCountry "USA"]
[EventCategory "10"]
[SourceTitle "CBM 171 Extra"]
[Source "ChessBase"]
[SourceDate "2016.04.26"]
[SourceVersion "1"]
[SourceVersionDate "2016.04.26"]
[SourceQuality "1"]

1. e4 c5 2. Nf3 Nc6 3. Bb5 g6 4. Bxc6 dxc6 5. d3 Bg7 6. h3 Nh6 7. Nc3 f6 8. Be3 b6 9. Qd2 Nf7 10. 0-0-0 e5 11. g4 Be6 12. Ng1 Qd7 13. Nge2 0-0-0 14. f4 exf4 15. Nxf4 Ne5 16. Qg2 Bf7 17. Kb1 Rhe8 18. Rhf1 Kb7 19. Bc1 Rh8 20. Nfe2 Rdf8 21. Bf4 Be6 22. d4 cxd4 23. Nxd4 Qe7 24. Nxe6 Qxe6 25. Rd2 Rd8 26. Rfd1 Nf7 27. a4 Rxd2 28. Qxd2 Rd8 29. Qe2 Rxd1+ 30. Qxd1 Bf8 31. Qd3 Bb4 32. Ne2 Bc5 33. a5 bxa5 34. Nd4 Qe7 35. Qb3+ Bb6 36. Nxc6 Qxe4 37. Nxa5+ Ka6 38. Nc4 Qe1+ 39. Bc1 Qe8 40. Nxb6 axb6 41. Be3 b5 42. Qa2+ Kb7 43. Qd5+ Kc8 44. Qc5+ Kb7 45. Qb6+ Kc8 46. Qa6+ Kd8 47. Bb6+ Ke7 48. Bc5+ Kd8 49. Qxf6+ Kd7 50. Qd4+ Kc6 51. Bb4 Qd7 52. Qc5+ Kb7 53. b3 Nd8 54. Bc3 Ne6 55. Qe5 Kc6 56. Kb2 Qd5 57. Qh8 Qd7 58. Qa8+ Kd6 59. Qe4 Kc5 60. b4+ Kb6 61. Bd2 Qc6 62. Be3+ Kb7 63. Qe5 Qd7 64. Qh8 Qe7 65. Bd2 Qd7 66. Be3 Qe7 67. Kb3 Qf7 68. Qe5 Nc7+ 69. Kb2 Nd5 70. Bc5 Qd7 71. Qe4 Qc6 72. Kb3 Nc7 73. Qxc6+ Kxc6 74. c4 h5 75. g5 Ne6 76. Be3 Ng7 77. Kc3 Nf5 78. Bf2 Nd6 79. cxb5+ Nxb5+ 80. Kc4 Na3+ 81. Kd4 Nc2+ 82. Ke5 Nxb4 83. Kf6 Nd3 84. Be3 Kd5 85. Kxg6 Ke4 86. Bd2 h4 87. Kf6 Ne5 88. Bc3 Nd7+ 89. Kf7 Kf5 90. g6 1-0

[Event "Dallas UT Fall op"]
[Site "Dallas"]
[Date "2015.11.24"]
[Round "7"]
[White "Popilski, Gil"]
[Black "Perelshteyn, Eugene"]
[Result "1-0"]
[WhiteElo "2552"]
[BlackElo "2515"]
[PlyCount "53"]
[EventDate "2015.11.20"]
[EventType "swiss"]
[EventRounds "9"]
[EventCountry "USA"]
[SourceTitle "CBM 169 Extra"]
[Source "ChessBase"]
[SourceDate "2015.12.18"]
[SourceVersion "1"]
[SourceVersionDate "2015.12.18"]
[SourceQuality "1"]

1. d4 Nf6 2. c4 g6 3. Nc3 Bg7 4. e4 d6 5. f4 c5 6. d5 0-0 7. Bd3 e6 8. dxe6 Bxe6 9. Nf3 Bg4 10. h3 Bxf3 11. Qxf3 Nc6 12. 0-0 Nd7 13. Bd2 Nd4 14. Qf2 Re8 15. Kh1 a6 16. e5 Nb6 17. Ne4 dxe5 18. fxe5 Nf5 19. Nxc5 Rxe5 20. Bf4 Re7 21. Bxf5 Bd4 22. Nxb7 Rxb7 23. Qf3 Re7 24. Be4 Rc8 25. Rad1 Nxc4 26. Bg5 Rcc7 27. Qd3 1-0